000 00536nam a2200181Ia 4500
008 090123s9999 xx 000 0 und d
082 _b15282
100 _aगोवंडे श्रीकांत
245 _a120गोष्टी
250 _a1
260 _bअनमोल प्रकाशन
300 _a98
600 _aगोवंडे श्रीकांत
630 _a120गोष्टी
700 _aगोवंडे श्रीकांत
730 _a120गोष्टी
942 _cBOOK
999 _c53343
_d53343